| 000 | 00570nam a22001937a 4500 | ||
|---|---|---|---|
| 999 |
_c169346 _d169346 |
||
| 005 | 20191115143948.0 | ||
| 010 | _aENG-126913 | ||
| 020 |
_c70.00 _a8180643050 |
||
| 035 | _aEN-110445 | ||
| 037 | _bDBAD/PUB | ||
| 082 | _a341.48 | ||
| 245 |
_aHuman rights / _ced.by Anup Maji [and] Nilanjana Nayak |
||
| 260 |
_aNew Delhi _bSri Kamal Mitra for Progressive Publishers _c2019 |
||
| 270 |
_a37A, College Street _e700073 _bKolkata |
||
| 300 |
_a78p. _c21cm(Hb) |
||
| 700 | _a Maji, Anup | ||
| 700 | _aNayak, Nilanjana | ||
| 942 |
_2ddc _cEN _h341.48 _mHUM |
||